| 000 | 00351nam a22001577a 4500 | ||
|---|---|---|---|
| 003 | SGT | ||
| 020 | _a9789395736558 | ||
| 082 |
_a612 _bB23V |
||
| 100 | _aVENKATESH, D. | ||
| 245 | _aBASICS OF MEDICAL PHYSIOLOGY | ||
| 250 | _a5TH | ||
| 260 |
_aINDIA _bWOLTERS KLUWERS PUB _c2023 |
||
| 300 | _a588 | ||
| 650 | _aHUMAN PHYSIOLOGY | ||
| 942 |
_2ddc _cBK |
||
| 999 |
_c30732 _d30732 |
||